مكتبة جامعة عجلون الوطنية

فهرس بحث المكتبة

Normal view MARC view
  •  القصة العربية - تاريخ ونقد - القرن العشرين - مؤتمرات 

Entry Topical Term

Number of records used in: 1

001 - CONTROL NUMBER

  • control field: 50416

003 - CONTROL NUMBER IDENTIFIER

  • control field: JO-AjAnu

005 - DATE AND TIME OF LATEST TRANSACTION

  • control field: 20230606082312.0

008 - FIXED-LENGTH DATA ELEMENTS

  • fixed length control field: 230606|| aca||aabn | a|a d

040 ## - CATALOGING SOURCE

  • Original cataloging agency: JO-AjAnu
  • Transcribing agency: JO-AjAnu

150 ## - HEADING--TOPICAL TERM

  • Topical term or geographic name entry element:  القصة العربية - تاريخ ونقد - القرن العشرين - مؤتمرات 

670 ## - SOURCE DATA FOUND

  • Source citation: Work cat.: (JO-AjAnu)25775: الكويت، المجلس الوطني للثقافة والفنون والآداب ؛ ندوة مهرجان القرين الثقافي : الرواية العربية ممكنات السرد , author 50415, الرواية العربية .. ممكنات السرد : ندوة مهرجان القرين الثقافي الحادي عشر (الجزء الأول)